<?xml version="1.0" encoding="UTF-8"?>
<record
    xmlns:xsi="http://www.w3.org/2001/XMLSchema-instance"
    xsi:schemaLocation="http://www.loc.gov/MARC21/slim http://www.loc.gov/standards/marcxml/schema/MARC21slim.xsd"
    xmlns="http://www.loc.gov/MARC21/slim">

  <leader>01208nam2a2200253   4500</leader>
  <controlfield tag="001">RU\NLR\bibl\308395</controlfield>
  <controlfield tag="005">20250621135745.0</controlfield>
  <datafield tag="010" ind1=" " ind2=" ">
    <subfield code="a">985-6477-19-0</subfield>
    <subfield code="9">200</subfield>
  </datafield>
  <datafield tag="035" ind1=" " ind2=" ">
    <subfield code="a">(NLR Aleph) 000303537</subfield>
  </datafield>
  <datafield tag="090" ind1=" " ind2=" ">
    <subfield code="a">7011</subfield>
    <subfield code="c">7011</subfield>
  </datafield>
  <datafield tag="100" ind1=" " ind2=" ">
    <subfield code="a">20020918d2002    |||y0rusy50      ca</subfield>
  </datafield>
  <datafield tag="101" ind1="0" ind2=" ">
    <subfield code="a">rus</subfield>
  </datafield>
  <datafield tag="102" ind1=" " ind2=" ">
    <subfield code="a">RU</subfield>
  </datafield>
  <datafield tag="105" ind1=" " ind2=" ">
    <subfield code="a">a   |||||||||</subfield>
  </datafield>
  <datafield tag="200" ind1="0" ind2=" ">
    <subfield code="a">&#x427;. 1</subfield>
  </datafield>
  <datafield tag="210" ind1=" " ind2=" ">
    <subfield code="d">2002</subfield>
    <subfield code="a">&#x411;. &#x43C;.</subfield>
  </datafield>
  <datafield tag="215" ind1=" " ind2=" ">
    <subfield code="a">249 &#x441;.</subfield>
    <subfield code="c">&#x438;&#x43B;.</subfield>
  </datafield>
  <datafield tag="320" ind1=" " ind2=" ">
    <subfield code="a">&#x411;&#x438;&#x431;&#x43B;&#x438;&#x43E;&#x433;&#x440;. &#x432; &#x43A;&#x43E;&#x43D;&#x446;&#x435; &#x434;&#x43E;&#x43A;&#x43B;.</subfield>
  </datafield>
  <datafield tag="461" ind1=" " ind2="0">
    <subfield code="1">001RU\NLR\bibl\316825</subfield>
    <subfield code="1">2001#$a&#x422;&#x440;&#x430;&#x43D;&#x441;&#x444;&#x435;&#x440; &#x442;&#x435;&#x445;&#x43D;&#x43E;&#x43B;&#x43E;&#x433;&#x438;&#x439; &#x432; &#x441;&#x432;&#x43E;&#x431;&#x43E;&#x434;&#x43D;&#x44B;&#x445; &#x44D;&#x43A;&#x43E;&#x43D;&#x43E;&#x43C;&#x438;&#x447;&#x435;&#x441;&#x43A;&#x438;&#x445; &#x437;&#x43E;&#x43D;&#x430;&#x445;. &#x422;&#x435;&#x43D;&#x434;&#x435;&#x43D;&#x446;&#x438;&#x438;. &#x422;&#x435;&#x43E;&#x440;&#x438;&#x44F; &#x438; &#x43F;&#x440;&#x430;&#x43A;&#x442;&#x438;&#x43A;&#x430; ("&#x422;&#x420;&#x410;&#x41D;&#x421;&#x422;&#x415;&#x425; - 2002")$v&#x427;. 1</subfield>
    <subfield code="9">42925</subfield>
    <subfield code="c">&#x413;&#x43E;&#x43C;&#x435;&#x43B;&#x44C;</subfield>
    <subfield code="d">2002</subfield>
    <subfield code="f">[&#x421;&#x43E;&#x441;&#x442;.: &#x412;.&#x424;. &#x411;&#x44B;&#x43A; &#x438; &#x434;&#x440;.]</subfield>
    <subfield code="n">&#x418;&#x41C;&#x41C;&#x421;</subfield>
    <subfield code="o">&#x421;&#x431;. &#x434;&#x43E;&#x43A;&#x43B;. &#x41F;&#x435;&#x440;&#x432;&#x43E;&#x439; &#x43C;&#x435;&#x436;&#x434;&#x443;&#x43D;&#x430;&#x440;. &#x43D;&#x430;&#x443;&#x447;.-&#x43F;&#x440;&#x430;&#x43A;&#x442;. &#x43A;&#x43E;&#x43D;&#x444;., &#x413;&#x43E;&#x43C;&#x435;&#x43B;&#x44C;, 15-17 &#x43C;&#x430;&#x44F; 2002 &#x433;.</subfield>
    <subfield code="t">&#x422;&#x440;&#x430;&#x43D;&#x441;&#x444;&#x435;&#x440; &#x442;&#x435;&#x445;&#x43D;&#x43E;&#x43B;&#x43E;&#x433;&#x438;&#x439; &#x432; &#x441;&#x432;&#x43E;&#x431;&#x43E;&#x434;&#x43D;&#x44B;&#x445; &#x44D;&#x43A;&#x43E;&#x43D;&#x43E;&#x43C;&#x438;&#x447;&#x435;&#x441;&#x43A;&#x438;&#x445; &#x437;&#x43E;&#x43D;&#x430;&#x445;. &#x422;&#x435;&#x43D;&#x434;&#x435;&#x43D;&#x446;&#x438;&#x438;. &#x422;&#x435;&#x43E;&#x440;&#x438;&#x44F; &#x438; &#x43F;&#x440;&#x430;&#x43A;&#x442;&#x438;&#x43A;&#x430; ("&#x422;&#x420;&#x410;&#x41D;&#x421;&#x422;&#x415;&#x425; - 2002")</subfield>
    <subfield code="v">&#x427;. 1</subfield>
  </datafield>
  <datafield tag="801" ind1=" " ind2="0">
    <subfield code="a">RU</subfield>
    <subfield code="b">NLR</subfield>
    <subfield code="c">20020918</subfield>
    <subfield code="g">PSBO</subfield>
  </datafield>
  <datafield tag="801" ind1=" " ind2="1">
    <subfield code="a">RU</subfield>
    <subfield code="b">NLR</subfield>
    <subfield code="c">20020918</subfield>
  </datafield>
  <datafield tag="942" ind1=" " ind2=" ">
    <subfield code="c">BOOK</subfield>
  </datafield>
  <datafield tag="980" ind1=" " ind2=" ">
    <subfield code="a">NB</subfield>
  </datafield>
  <datafield tag="995" ind1=" " ind2=" ">
    <subfield code="5">2002-09-18</subfield>
    <subfield code="a">af</subfield>
    <subfield code="b">NLR01</subfield>
    <subfield code="c">NLR01</subfield>
    <subfield code="e">RF8</subfield>
    <subfield code="f">331915</subfield>
    <subfield code="k">2002-8/2611</subfield>
    <subfield code="o">0</subfield>
    <subfield code="p">100.00</subfield>
    <subfield code="r">BOOK</subfield>
    <subfield code="s">200282611_</subfield>
  </datafield>
</record>
